Las ocho claves del liderazgo del monje que vendió su Ferrari /

保存先:
書誌詳細
第一著者: Sharma, Robin S. (autor)
フォーマット: 図書
言語:スペイン語
出版事項: Buenos Aires, Argentina : Plaza y Janés, 2004, c2004
主題:
タグ: タグ追加
タグなし, このレコードへの初めてのタグを付けませんか!

MARC

LEADER 00000nam^a2200000^a^4500
001 000181380
005 20250625153801.0
009 20260310101929.519
020 |a 950-644-056-5 
037 |a Acervo ITESO - Biblioteca 
041 |a ESP 
082 |a 658. 4094  |b SHA 
100 |a Sharma, Robin S.  |e (autor) 
240 1 4 |a [El monje que vendió su Ferrari: serie de libros] 
245 1 4 |a Las ocho claves del liderazgo del monje que vendió su Ferrari /  |c R.S. Sharma ; tr. de E. Benito. 
264 4 |a Buenos Aires, Argentina :  |b Plaza y Janés,  |c 2004, c2004 
300 |a 286 p. 
336 |a texto  |b txt  |2 rdacontenido 
337 |a sin mediación  |b n  |2 rdamedio 
338 |a volumen  |b nc  |2 rdasoporte 
500 |a Traducción de: Leadership Wisdom from the Monk Who Sold His Ferrari: The 8 Rituals of Visionary Leaders: A Fable 
649 |a XX 
650 |a Gerentes y Jefes 
650 |a Recursos Humanos -  |x Dirección 
650 |a Empresas -  |x Administración 
650 |a Novela Canadiense 
650 |a Literatura Didáctica -  |z Canadá 
650 |a Literatura Canadiense -  |y Siglo XXI 
650 |a Exito Administrativo 
650 |a Relaciones Laborales 
650 |a Trabajo en Equipo 
650 |a Liderazgo 
650 |a Innovación Administrativa 
650 |a Cambio Organizacional 
650 |a Desarrollo Organizacional 
650 |a Cultura Organizacional 
650 |a Proceso Administrativo -  |x Dirección -  |x Tema Principal 
650 |a Administración 
650 |a Ciencias Administrativas 
910 |a Fondo General 
920 |a Impresos - Libros 
930 |a Colección General 
905 |a 101 
901 |a 0500121224  |b IT1  |c ACC  |u 20250521 
902 |a https://opac.biblio.iteso.mx/vufind/Record/000181380